[Event "Titled Tuesday intern op 3rd March"]
[Site "Chess.com INT"]
[Date "2020.03.03"]
[Round "9"]
[White "Palacios Llera, Francisco"]
[Black "Gukesh, Dommaraju"]
[Result "0-1"]
[WhiteElo "2288"]
[BlackElo "2542"]
[PlyCount "84"]
[EventDate "2020.03.03"]
[EventType "swiss (blitz)"]
[EventRounds "10"]
[EventCountry "USA"]
[SourceTitle "EXT 2021"]
[Source "ChessBase"]
[SourceDate "2020.10.23"]
[SourceVersion "1"]
[SourceVersionDate "2020.10.23"]
[SourceQuality "1"]

1. d4 Nf6 2. Nf3 g6 3. c3 Bg7 4. Bg5 0-0 5. Nbd2 d6 6. e4 h6 7. Bh4 g5 8. Bg3 Nc6 9. Bc4 e6 10. 0-0 Nh5 11. Re1 Nxg3 12. hxg3 Kh8 13. Qc2 a6 14. a4 Ne7 15. Nf1 Ng6 16. Ne3 h5 17. Kh2 g4 18. Nd2 c5 19. dxc5 dxc5 20. Rad1 Bh6 21. Nb3 Qe7 22. Qd2 h4 23. Qd6 hxg3+ 24. fxg3 Qg5 25. Qxc5 Ne5 26. Kg1 b6 27. Qd4 Bg7 28. Qd2 Bd7 29. a5 b5 30. Be2 Bh6 31. Bf1 Rad8 32. Qf2 Bc6 33. Nc5 Rxd1 34. Nxd1 Rd8 35. Ne3 Kg7 36. b4 Rh8 37. Nc2 Qh5 38. Qd4 Bd2 39. Qxd2 Nf3+ 40. gxf3 Qh1+ 41. Kf2 Qxf3+ 42. Kg1 Rh1# 0-1

[Event "Titled Tuesday intern op 3rd March"]
[Site "Chess.com INT"]
[Date "2020.03.03"]
[Round "7"]
[White "Palacios Llera, Francisco"]
[Black "Mirzoev, Emil"]
[Result "1/2-1/2"]
[WhiteElo "2288"]
[BlackElo "2467"]
[PlyCount "154"]
[EventDate "2020.03.03"]
[EventType "swiss (blitz)"]
[EventRounds "10"]
[EventCountry "USA"]
[SourceTitle "EXT 2021"]
[Source "ChessBase"]
[SourceDate "2020.10.23"]
[SourceVersion "1"]
[SourceVersionDate "2020.10.23"]
[SourceQuality "1"]

1. d4 Nf6 2. Nf3 e6 3. c4 c5 4. e3 Be7 5. Nc3 0-0 6. a3 cxd4 7. exd4 b6 8. Bd3 Bb7 9. 0-0 d5 10. cxd5 Nxd5 11. Qe2 Nd7 12. Rd1 Rc8 13. Bd2 N7f6 14. Ba6 Qc7 15. Bxb7 Qxb7 16. Ne5 Rfd8 17. h3 Nxc3 18. bxc3 Nd7 19. Nf3 Bf6 20. a4 a5 21. Rab1 Qc6 22. Rb5 Qc4 23. Qxc4 Rxc4 24. Ra1 Kf8 25. Kf1 Rdc8 26. Ke2 R4c6 27. g4 Bd8 28. h4 h6 29. g5 h5 30. Ne1 Bc7 31. Nd3 Kg8 32. g6 fxg6 33. Rg1 Kf7 34. Rbg5 Nf8 35. Rb5 Rc4 36. Ra1 Nd7 37. f3 Bd8 38. Be1 Bc7 39. Nf2 Nf6 40. Ne4 Nd5 41. Ng5+ Ke7 42. Kd3 Rc6 43. Bd2 Bf4 44. Re1 Rxc3+ 45. Bxc3 Rxc3+ 46. Ke4 Bd2 47. Re2 Nf6+ 48. Ke5 Rc2 49. Rxb6 Bf4+ 50. Kxf4 Rxe2 51. Rb7+ Kd6 52. Rxg7 Nd5+ 53. Kg3 Nc3 54. Rxg6 Nxa4 55. Rh6 Nc3 56. Rxh5 a4 57. Ne4+ Nxe4+ 58. fxe4 Rxe4 59. Ra5 Rxd4 60. h5 Ke7 61. h6 Kf6 62. Ra7 Kg6 63. h7 Rd8 64. Rxa4 Kxh7 65. Kf4 Kg6 66. Ke5 Kf7 67. Ra7+ Kg6 68. Kxe6 Rd2 69. Ke5 Re2+ 70. Kf4 Rb2 71. Ra6+ Kf7 72. Ra7+ Ke6 73. Ra6+ Kd5 74. Ra5+ Kc4 75. Re5 Rb4 76. Re4+ Kb5 77. Rxb4+ Kxb4 1/2-1/2

[Event "Titled Tuesday intern op 2nd July"]
[Site "Chess.com INT"]
[Date "2019.07.02"]
[Round "7"]
[White "Prydun, Andriy"]
[Black "Palacios Llera, Francisco"]
[Result "0-1"]
[WhiteElo "2258"]
[BlackElo "2288"]
[PlyCount "152"]
[EventDate "2019.07.02"]
[EventType "swiss (blitz)"]
[EventRounds "10"]
[EventCountry "USA"]
[SourceTitle "EXT 2021"]
[Source "ChessBase"]
[SourceDate "2020.10.23"]
[SourceVersion "1"]
[SourceVersionDate "2020.10.23"]
[SourceQuality "1"]

1. e4 c5 2. Nf3 Nc6 3. d3 g6 4. Nbd2 Bg7 5. Be2 d5 6. exd5 Qxd5 7. 0-0 Nf6 8. c3 0-0 9. Qc2 b6 10. Re1 Bb7 11. Bf1 Rad8 12. Ne4 Nh5 13. Bg5 Rd7 14. h3 h6 15. Bd2 f5 16. Ng3 Nxg3 17. fxg3 e5 18. Rad1 Kh7 19. b3 Re8 20. Be3 Red8 21. g4 f4 22. Bf2 Qf7 23. Nd2 Ne7 24. Ne4 Nd5 25. Be2 Nf6 26. Bf3 Nxe4 27. Bxe4 Rd6 28. Qe2 Kg8 29. Rd2 Bxe4 30. Qxe4 Qd7 31. Red1 Kf7 32. a4 Qc6 33. Qc4+ Qd5 34. Qb5 R8d7 35. a5 Qc6 36. Qc4+ Qd5 37. axb6 axb6 38. Qb5 Qe6 39. b4 cxb4 40. Qxb4 h5 41. Qe4 hxg4 42. hxg4 Qxg4 43. c4 Qf5 44. Qxf5+ gxf5 45. c5 bxc5 46. Bxc5 Rd5 47. Bb4 Kg6 48. Bc3 Kh5 49. Kf2 Kg4 50. Ke2 Bf6 51. Bb2 Bg5 52. d4 e4 53. Rc2 Bf6 54. Rc4 Kg3 55. Rd2 f3+ 56. gxf3 exf3+ 57. Kd3 Bg5 58. Rd1 f2 59. Rcc1 Rb7 60. Rb1 Rb3+ 61. Kc4 Rdb5 62. Ra1 Rxb2 63. Ra3+ Kg2 64. Ra8 R2b4+ 65. Kd3 f1Q+ 66. Rxf1 Kxf1 67. Rf8 Rb3+ 68. Kc4 Be3 69. d5 R3b4+ 70. Kd3 f4 71. d6 Rd4+ 72. Kc3 Rc5+ 73. Kb3 Rxd6 74. Rf7 Rb6+ 75. Ka4 Bd2 76. Rd7 Ra5# 0-1

[Event "Internet Section 18-B"]
[Site "Dos Hermanas"]
[Date "2003.03.19"]
[Round "9"]
[White "Palacios Llera, Francisco"]
[Black "Garavito, Miguel Angel"]
[Result "1-0"]
[WhiteElo "2355"]
[BlackElo "2069"]
[PlyCount "97"]
[EventDate "2003.03.18"]
[EventType "swiss (blitz)"]
[EventRounds "9"]
[EventCountry "ESP"]
[SourceTitle "EXT 2004"]
[Source "ChessBase"]
[SourceDate "2003.11.25"]
[SourceVersion "1"]
[SourceVersionDate "2003.11.25"]
[SourceQuality "1"]

1. d4 g6 2. Nf3 d5 3. c3 Bg7 4. Bg5 Nd7 5. Nbd2 Ngf6 6. e3 0-0 7. Be2 b6 8. 0-0 Bb7 9. b4 Ne4 10. Nxe4 dxe4 11. Nd2 c5 12. bxc5 bxc5 13. Qb1 Rb8 14. Nxe4 f5 15. Qb3+ Kh8 16. Nd6 Ba6 17. Qc2 Bxe2 18. Qxe2 h6 19. Bh4 g5 20. Bg3 f4 21. exf4 exd6 22. fxg5 Qxg5 23. Bxd6 Rfe8 24. Qc4 Rb2 25. Qa4 Qf5 26. Bg3 cxd4 27. cxd4 Rd2 28. Rad1 Ree2 29. Rxd2 Rxd2 30. Qxa7 Bxd4 31. Qa8+ Kh7 32. a4 Bg7 33. a5 Qd3 34. h3 Nf6 35. Be5 Rd1 36. Rxd1 Qxd1+ 37. Kh2 Ng4+ 38. hxg4 Bxe5+ 39. g3 Qxg4 40. Qb7+ Bg7 41. Qb1+ Kh8 42. Qb8+ Kh7 43. Qb1+ Kh8 44. Qa2 Qc8 45. a6 Qc5 46. a7 Qh5+ 47. Kg1 Qd1+ 48. Kg2 Qd8 49. a8Q 1-0

[Event "Internet Section 18-B"]
[Site "Dos Hermanas"]
[Date "2003.03.18"]
[Round "3"]
[White "Palacios Llera, Francisco"]
[Black "Hassan, Sayed Barakat"]
[Result "1/2-1/2"]
[WhiteElo "2355"]
[BlackElo "2353"]
[PlyCount "189"]
[EventDate "2003.03.18"]
[EventType "swiss (blitz)"]
[EventRounds "9"]
[EventCountry "ESP"]
[SourceTitle "EXT 2004"]
[Source "ChessBase"]
[SourceDate "2003.11.25"]
[SourceVersion "1"]
[SourceVersionDate "2003.11.25"]
[SourceQuality "1"]

1. d4 Nf6 2. Nf3 c5 3. c3 b6 4. Bf4 Bb7 5. e3 g6 6. Nbd2 Bg7 7. Be2 0-0 8. 0-0 d6 9. Re1 Nbd7 10. Qc2 Nh5 11. Bg5 Rc8 12. Rad1 h6 13. Bh4 cxd4 14. exd4 Nf4 15. Bf1 g5 16. Bg3 Nh5 17. Qa4 Nxg3 18. hxg3 a6 19. Qb3 e6 20. Nc4 Qc7 21. Ne3 Nf6 22. Nd2 Rfe8 23. a4 Nd5 24. Qa3 Bf8 25. Nxd5 exd5 26. Bd3 Qd7 27. Qb3 Bc6 28. Ra1 Bxa4 29. Qxb6 Rb8 30. Qa5 Rxe1+ 31. Rxe1 Rxb2 32. Nf1 Bb5 33. Qa1 Rb3 34. Bc2 Bc4 35. Bxb3 Bxb3 36. Qxa6 Qc7 37. Re8 Kg7 38. Qc8 Qxc8 39. Rxc8 Be7 40. Ne3 Kf6 41. Rh8 Ke6 42. Rxh6+ f6 43. Rh8 Kd7 44. Nf5 Bd8 45. Rh7+ Kc6 46. Rf7 Bd1 47. Rf8 Kd7 48. Rf7+ Ke6 49. Rf8 Ba5 50. Ne3 Bb3 51. Rc8 Kd7 52. Rf8 Bxc3 53. Rxf6 Bxd4 54. Rg6 Bc5 55. Rxg5 d4 56. Nf1 d3 57. Rg7+ Ke6 58. g4 Bc2 59. Rc7 Kd5 60. g5 Bb6 61. Rc3 Bd4 62. Rc8 Ke6 63. g3 Kf5 64. Rg8 Bb3 65. Rf8+ Kxg5 66. Rf4 Be5 67. Re4 Kf5 68. Re3 Bc4 69. Re1 d5 70. Rd1 Ke4 71. Nd2+ Kf5 72. Rc1 Bb2 73. Rxc4 dxc4 74. Nxc4 Bc3 75. Kf1 Ke4 76. Ne3 Kf3 77. Nd1 Bd2 78. Nb2 Ke4 79. Kg2 Bc3 80. f3+ Kd4 81. Nxd3 Kxd3 82. Kh3 Ke3 83. Kg4 Kd4 84. f4 Kd5 85. Kf5 Kd6 86. Kg6 Ke7 87. g4 Kf8 88. Kh7 Bd2 89. f5 Kf7 90. Kh8 Kf6 91. Kh7 Bg5 92. Kg8 Bd2 93. Kf8 Bb4+ 94. Kg8 Kg5 95. Kg7 1/2-1/2

[Event "Internet Section 17-B"]
[Site "Dos Hermanas"]
[Date "2003.03.17"]
[Round "3"]
[White "Nogueiras Santiago, Jesus"]
[Black "Palacios Llera, Francisco"]
[Result "1/2-1/2"]
[WhiteElo "2528"]
[BlackElo "2355"]
[PlyCount "109"]
[EventDate "2003.03.17"]
[EventType "swiss (blitz)"]
[EventRounds "9"]
[EventCountry "ESP"]
[SourceTitle "EXT 2004"]
[Source "ChessBase"]
[SourceDate "2003.11.25"]
[SourceVersion "1"]
[SourceVersionDate "2003.11.25"]
[SourceQuality "1"]

1. g3 d5 2. Bg2 Nf6 3. Nf3 c6 4. 0-0 Bg4 5. d4 Nbd7 6. Nbd2 e6 7. Re1 Bh5 8. e4 Bg6 9. e5 Ne4 10. Nh4 Nxd2 11. Bxd2 Be7 12. Nxg6 hxg6 13. b3 0-0 14. c4 b5 15. c5 a5 16. h4 a4 17. b4 g5 18. hxg5 Bxg5 19. f4 Be7 20. Qh5 g6 21. Qh3 Kg7 22. Kf2 Rh8 23. Qg4 Qc7 24. Rh1 Rxh1 25. Rxh1 Rh8 26. Rxh8 Kxh8 27. Qh3+ Kg8 28. g4 Qd8 29. Kg3 Qf8 30. Bf1 Qg7 31. Bd3 Qh7 32. Qxh7+ Kxh7 33. f5 Bd8 34. Kh3 Nf8 35. Kg3 Kg7 36. Kf3 Nh7 37. f6+ Kg8 38. Bh6 Bc7 39. Ke2 Nf8 40. Bxf8 Kxf8 41. Kd2 Ke8 42. g5 Bd8 43. Kc2 Kd7 44. Kb2 Kc7 45. Ka3 Kb7 46. Bc2 Ka6 47. Kb2 Kb7 48. Ka3 Ka6 49. Bxa4 bxa4 50. Kxa4 Bc7 51. Kb3 Bd8 52. a4 Bc7 53. Kc3 Bd8 54. Kb3 Bc7 55. Kc3 1/2-1/2

[Event "Olympiad-31"]
[Site "Moscow"]
[Date "1994.12.15"]
[Round "13.4"]
[White "Riegler, Primoz"]
[Black "Palacios Llera, Francisco"]
[Result "0-1"]
[WhiteElo "2250"]
[BlackElo "2310"]
[PlyCount "54"]
[EventDate "1994.12.01"]
[EventType "team-swiss"]
[EventRounds "14"]
[EventCountry "RUS"]
[SourceTitle "CBM 045"]
[Source "ChessBase"]
[SourceDate "1995.04.01"]
[SourceVersion "1"]
[SourceVersionDate "1995.04.01"]
[SourceQuality "1"]
[WhiteTeam "Slovenia"]
[BlackTeam "Mexico"]
[WhiteTeamCountry "SLO"]
[BlackTeamCountry "MEX"]

1. e4 c5 2. Nf3 Nc6 3. d4 cxd4 4. Nxd4 g6 5. c4 Nf6 6. Nc3 d6 7. Be2 Nxd4 8. Qxd4 Bg7 9. Bg5 0-0 10. Qd2 Be6 11. Rc1 Qa5 12. 0-0 Rfc8 13. b3 a6 14. f4 Rc5 15. Qe3 Re8 16. Rfd1 Ng4 17. Bxg4 Bxg4 18. Nd5 Bxd1 19. Rxd1 Rxd5 20. Rxd5 Qxa2 21. h3 Qa1+ 22. Kh2 Qc3 23. Qb6 Qe1 24. Qxb7 Qxe4 25. Qc6 Kf8 26. Bh4 Qxf4+ 27. Bg3 Qe3 0-1

[Event "Olympiad-31"]
[Site "Moscow"]
[Date "1994.12.10"]
[Round "9.4"]
[White "Landenbergue, Claude"]
[Black "Palacios Llera, Francisco"]
[Result "1-0"]
[WhiteElo "2450"]
[BlackElo "2310"]
[PlyCount "89"]
[EventDate "1994.12.01"]
[EventType "team-swiss"]
[EventRounds "14"]
[EventCountry "RUS"]
[SourceTitle "CBM 045"]
[Source "ChessBase"]
[SourceDate "1995.04.01"]
[SourceVersion "1"]
[SourceVersionDate "1995.04.01"]
[SourceQuality "1"]
[WhiteTeam "Switzerland"]
[BlackTeam "Mexico"]
[WhiteTeamCountry "SUI"]
[BlackTeamCountry "MEX"]

1. e4 c5 2. Nc3 Nc6 3. Nge2 g6 4. d4 cxd4 5. Nxd4 Bg7 6. Be3 Nf6 7. Bc4 0-0 8. Bb3 d6 9. f3 Bd7 10. Qd2 Rc8 11. 0-0-0 Ne5 12. Bg5 Rc5 13. Rhe1 Nc4 14. Bxc4 Rxc4 15. e5 dxe5 16. Nb3 Rc7 17. Rxe5 Qe8 18. Bh6 Bc6 19. Bxg7 Kxg7 20. Nd4 Kh8 21. Qf4 Ng8 22. Ree1 Rc8 23. Qe5+ f6 24. Qa5 e5 25. Qxa7 Qf7 26. Nxc6 Rxc6 27. Qa3 Rfc8 28. Qb3 Qc7 29. Re2 Rb6 30. Nd5 Rxb3 31. Nxc7 Rb4 32. Rd7 Rh4 33. h3 Rc4 34. Nd5 R4c5 35. Rd2 Ra8 36. a3 b5 37. Ne3 b4 38. axb4 Rc4 39. Rb7 f5 40. Rdd7 Rh4 41. b5 e4 42. fxe4 fxe4 43. Ra7 Re8 44. b3 Nf6 45. Re7 1-0

[Event "Olympiad-31"]
[Site "Moscow"]
[Date "1994.12.05"]
[Round "5.4"]
[White "Dridi, Ali"]
[Black "Palacios Llera, Francisco"]
[Result "1/2-1/2"]
[WhiteElo "2270"]
[BlackElo "2310"]
[PlyCount "43"]
[EventDate "1994.12.01"]
[EventType "team-swiss"]
[EventRounds "14"]
[EventCountry "RUS"]
[SourceTitle "CBM 045"]
[Source "ChessBase"]
[SourceDate "1995.04.01"]
[SourceVersion "1"]
[SourceVersionDate "1995.04.01"]
[SourceQuality "1"]
[WhiteTeam "Tunisia"]
[BlackTeam "Mexico"]
[WhiteTeamCountry "TUN"]
[BlackTeamCountry "MEX"]

1. d4 d5 2. c4 e6 3. Nc3 Nf6 4. Bg5 Be7 5. Nf3 Nbd7 6. e3 0-0 7. Rc1 c6 8. Bd3 dxc4 9. Bxc4 Nd5 10. Bxe7 Qxe7 11. 0-0 Rd8 12. Qe2 Nxc3 13. Rxc3 e5 14. dxe5 Nxe5 15. Nxe5 Qxe5 16. f4 Qf6 17. e4 Qd4+ 18. Kh1 Be6 19. Bxe6 fxe6 20. g3 Rd6 21. Kg2 Rad8 22. Rf2 1/2-1/2

[Event "Wch U26"]
[Site "Antwerp"]
[Date "1992.??.??"]
[Round "2"]
[White "Womacka, Mathias"]
[Black "Palacios Llera, Francisco"]
[Result "1-0"]
[WhiteElo "2445"]
[BlackElo "2310"]
[PlyCount "127"]
[EventDate "1992.??.??"]
[EventType "swiss"]
[EventRounds "9"]
[EventCountry "BEL"]
[SourceTitle "CBM 030 Extra"]
[Source "ChessBase"]
[SourceDate "1992.11.01"]
[SourceVersion "1"]
[SourceVersionDate "1992.11.01"]
[SourceQuality "1"]

1. e4 c5 2. Nf3 Nc6 3. d4 cxd4 4. Nxd4 g6 5. Be2 Bg7 6. Nb3 Nf6 7. Nc3 0-0 8. 0-0 a5 9. a4 d6 10. Bg5 Be6 11. Kh1 Nd7 12. Rb1 Bxb3 13. cxb3 Nc5 14. f3 Ne6 15. Bh4 Ncd4 16. Bc4 Nc7 17. Qd2 Qd7 18. Rfd1 Rab8 19. Bf2 e5 20. Ne2 b5 21. axb5 Ncxb5 22. Nxd4 Nxd4 23. Bxd4 exd4 24. Qxa5 Rfc8 25. Ra1 Be5 26. Qd2 Kg7 27. Ra6 Ra8 28. Rda1 Rxa6 29. Rxa6 Qb7 30. Ra4 Ra8 31. g3 Ra7 32. Kg2 h6 33. Ra3 Qb6 34. Qd3 Ra5 35. Bd5 Qb4 36. Qc2 Rc5 37. Bc4 Ra5 38. Ra4 Qe1 39. Qe2 Qxe2+ 40. Bxe2 Rc5 41. Bc4 Rc7 42. f4 Bf6 43. Ra6 Be7 44. Kf3 f5 45. exf5 gxf5 46. Ke2 Rc5 47. Kd2 Rc7 48. Kd3 d5 49. Bxd5 Rc1 50. Re6 Bb4 51. Re2 Rd1+ 52. Kc2 Rf1 53. Bg2 Rg1 54. Bf3 Kf6 55. Kd3 Rf1 56. Bh5 Bc5 57. Rc2 Be7 58. Kxd4 Rb1 59. Be2 Kf7 60. Bd3 Bf6+ 61. Kd5 Rd1 62. Kc4 Ke6 63. Re2+ Kd6 64. b4 1-0